Toàn tập UCP : Quy tắc và thực hành thống nhất tín dụng chứng từ = The uniform customs and practice for documentary credits

Nội dung của quy tắc UCP, gồm 49 điều khoản chỉ dẫn cần thiết khi sử dụng tín dụng chứng từ trong lĩnh vực thương mại quốc tế: quy định chung hình thức và thông báo tín dụng, nghĩa vụ và trách nhiệm, chứng từ, tín dụng chuyển nhượng......

全面介绍

Đã lưu trong:
书目详细资料
主要作者: Nguyễn, Trọng Thùy
格式: 图书
语言:Undetermined
出版: Hà Nội Thống kê 2006
主题:
标签: 添加标签
没有标签, 成为第一个标记此记录!
Thư viện lưu trữ: Trung tâm Học liệu Trường Đại học Cần Thơ
LEADER 01047nam a2200217Ia 4500
001 CTU_118316
008 210402s9999 xx 000 0 und d
020 |c 68000 
082 |a 332.74 
082 |b Th523 
100 |a Nguyễn, Trọng Thùy 
245 0 |a Toàn tập UCP : 
245 0 |b Quy tắc và thực hành thống nhất tín dụng chứng từ = The uniform customs and practice for documentary credits 
245 0 |c Nguyễn Trọng Thùy 
260 |a Hà Nội 
260 |b Thống kê 
260 |c 2006 
520 |a Nội dung của quy tắc UCP, gồm 49 điều khoản chỉ dẫn cần thiết khi sử dụng tín dụng chứng từ trong lĩnh vực thương mại quốc tế: quy định chung hình thức và thông báo tín dụng, nghĩa vụ và trách nhiệm, chứng từ, tín dụng chuyển nhượng... 
650 |a Documentary credit 
904 |i Giang 
980 |a Trung tâm Học liệu Trường Đại học Cần Thơ